000 00766na a2200265 4500
001 15734
003 MIRAKIL
005 20181213154931.0
008 160923b tu 000 0
035 _a15734
040 _aMilas
_btur
_cTR-AnCHP
082 _a323.631
_bİ57 1996
090 _a323.631 İ57 1996
245 _aİnsan hakları ve mülteci korunması
_bKısım 2: özel konular
246 _aKısım 2: özel konular
260 _a[y.y.]
_bBMMYK ile eğitim
_c1996
300 _a73 s.
_c30 sm.
490 _aRLD
_v5
500 _aEğitim Modülü
650 _aHak ve özgürlükler
_zMülteciler
650 _aUluslararası insan hakları
_xMülteciler
650 _aMülteciler
_zKadın
650 _aMülteciler
_xÇocuklar
942 _2ddc
_cBKS
999 _c3420
_d3420